000 00412nam a2200157Ia 4500
008 230917s9999||||xx |||||||||||||| ||und||
040 _e9225
_aMAIN
041 _aEnglish
082 _a309.15 W468A
100 _aWelty, Paul Thomas
245 0 _aAsians: Their hesitage and their destiny
250 _a5th ed.
260 _aNew York
_bJ.B. Lippincot Philadelphia
_c1976
300 _aix, 384 p.
942 _cBK
999 _c216123
_d216123